000 00376pab a2200133 454500
008 180718b xxu||||| |||| 00| 0 eng d
100 _aAkshey Kumar
245 _aPolice response as a catalyst in police-community relations
362 _a11(7), Jul 1994, p.5-10
650 _a Police -- India
650 _aCommunity Policing -- India
773 _aCBI Bulletin
909 _a27211
999 _c27211
_d27211